<?xml version="1.0" encoding="UTF-8"?><?xml-stylesheet type="text/xsl" href="static/style.xsl"?><OAI-PMH xmlns="http://www.openarchives.org/OAI/2.0/" xmlns:xsi="http://www.w3.org/2001/XMLSchema-instance" xsi:schemaLocation="http://www.openarchives.org/OAI/2.0/ http://www.openarchives.org/OAI/2.0/OAI-PMH.xsd"><responseDate>2026-06-07T07:41:20Z</responseDate><request verb="GetRecord" identifier="oai:riuma.uma.es:10630/27388" metadataPrefix="marc">https://riuma.uma.es/rest/oai/request</request><GetRecord><record><header><identifier>oai:riuma.uma.es:10630/27388</identifier><datestamp>2026-02-03T10:23:25Z</datestamp><setSpec>com_10630_1685</setSpec><setSpec>col_10630_38055</setSpec></header><metadata><record xmlns="http://www.loc.gov/MARC21/slim" xmlns:dcterms="http://purl.org/dc/terms/" xmlns:doc="http://www.lyncode.com/xoai" xmlns:xsi="http://www.w3.org/2001/XMLSchema-instance" xsi:schemaLocation="http://www.loc.gov/MARC21/slim http://www.loc.gov/standards/marcxml/schema/MARC21slim.xsd">
   <leader>00925njm 22002777a 4500</leader>
   <datafield ind2=" " ind1=" " tag="042">
      <subfield code="a">dc</subfield>
   </datafield>
   <datafield ind2=" " ind1=" " tag="720">
      <subfield code="a">Del Castillo Carrera, Soledad</subfield>
      <subfield code="e">author</subfield>
   </datafield>
   <datafield ind2=" " ind1=" " tag="260">
      <subfield code="c">2022-06</subfield>
   </datafield>
   <datafield ind2=" " ind1=" " tag="520">
      <subfield code="a">Actualmente, uno de los mayores desafíos de las técnicas de aprendizaje computacional es la predicción en el dominio sanitario. La Inteligencia Artificial se usa para el apoyo a la toma de decisiones médicas, por lo cual los algoritmos se enfrentan a conjuntos de datos inestables o incompletos, así como a la incertidumbre y/o ambigüedad en los resultados.&#xd;
Es por ello por lo que ha surgido la necesidad de modelar algoritmos de aprendizaje computacional para la ayuda de la toma de decisiones médicas. Los algoritmos modelados en este proyecto para dicha ayuda son Redes Neuronales y K-Vecinos más cercanos (KNN). Por otro lado, también se puede usar el Razonamiento basado en casos (CBR) para realizar estas predicciones.&#xd;
Se van a implementar tres scripts en R [1], desarrollando en cada uno de ellos los métodos anteriormente nombrados. El objetivo de estos scripts va a ser el de hacer el preprocesamiento de los datos clínicos, para, posteriormente, entrenarlos, validarlos y testearlos con la finalidad de obtener una predicción para la clasificación.&#xd;
Finalmente, se hará una comparación de los resultados obtenidos con los distintos métodos, con objeto de evaluar la semejanza de las predicciones obtenidas con CBR y los demás.</subfield>
   </datafield>
   <datafield ind1="8" ind2=" " tag="024">
      <subfield code="a">https://hdl.handle.net/10630/27388</subfield>
   </datafield>
   <datafield tag="653" ind2=" " ind1=" ">
      <subfield code="a">Inteligencia artificial</subfield>
   </datafield>
   <datafield tag="653" ind2=" " ind1=" ">
      <subfield code="a">Razonamiento basado en casos</subfield>
   </datafield>
   <datafield tag="653" ind2=" " ind1=" ">
      <subfield code="a">Diagnóstico</subfield>
   </datafield>
   <datafield tag="653" ind2=" " ind1=" ">
      <subfield code="a">R (Lenguaje de programación)</subfield>
   </datafield>
   <datafield tag="653" ind2=" " ind1=" ">
      <subfield code="a">Informática - Trabajos Fin de Grado</subfield>
   </datafield>
   <datafield tag="653" ind2=" " ind1=" ">
      <subfield code="a">Grado en Ingeniería de la Salud - Trabajos Fin de Grado</subfield>
   </datafield>
   <datafield ind2="0" ind1="0" tag="245">
      <subfield code="a">Métodos computacionales para la interpretabilidad de los resultados bioinformáticos en el ámbito clínico</subfield>
   </datafield>
</record>
</metadata></record></GetRecord></OAI-PMH>